A course in business statistics

Bibliographic Details
Main Author: Mendenhall, William
Other Authors: Beaver, Barbara m., Beaver, Robert J.
Format: Book
Published: New York : Duxbury Press , 1996
Edition:4th ed
Subjects:

MARC

LEADER 00000cam a2200000 7i4500
001 0000005765
005 20021218.0
020 |a 054265081 
040 |a INS 
090 0 0 |a HF1017.   |b M458 1996 
100 1 |a Mendenhall, William 
245 1 2 |a A course in business statistics   |c William Mendenhall, Robert J. Beaver and Barbara M. Beaver 
250 |a 4th ed 
260 |a New York :   |b Duxbury Press ,   |c 1996 
300 |a 837 p. 
650 0 0 |a Commercial statistic 
650 0 0 |a statistic 
700 1 |a Beaver, Barbara m. 
700 1 |a Beaver, Robert J. 
999 |a 0000006473   |b BOOK   |c Open Shelf   |e Default branch